000 00358 a2200157 4500
001 161493
020 _a
040 _cMagnum
100 _aCruz, Roque
240 1 0 _aExperimentos de quimica em microescala/v.3
_lpor
245 1 0 _aExperimentos de quimica em microescala/v.3
362 0 _a1899
440 1 _aScipione
697 _aORGANICA
942 _cBK
999 _c161493
_d161493